000 00611nam a22001817a 4500
005 20251108164928.0
008 250721s2001 xx 000 0 ara d
082 1 4 _a347.563/شمس
100 1 _aشمس، محمود زكي
245 1 0 _aالوكالة القابلة و غير القابلة للعزل في سورية و التشريعات العربية المقارنة /
264 1 _aدمشق :
_c2001.
650 1 7 _aالوكالة (القانون)
650 1 7 _aالقانون المدني
650 1 7 _aسورية
650 1 7 _aالقانون المقارن
942 _2ddc
_cBK
999 _c17658
_d17658